000 00524nam a22001697a 4500
005 20251108165329.0
008 250721s1978 xx 000 0 ara d
082 1 4 _a928.21/بير
100 1 _aأحمد، أحمد الصاوي
245 1 0 _aبيرون /
264 1 _aبيروت :
_bالمؤسسة العربية للدراسات و النشر،
_c1978.
300 _a256ص
490 0 _aسلسلة أعلام الفكر العالمي
650 1 7 _aالأدب الإنجليزي
942 _2ddc
_cBK
999 _c25265
_d25265